Movies Quiz

Random Movies or Clickable Quiz

Pick the Tom Hanks Movie Quiz Stats

 Plays Quiz Updated Apr 25, 2017

Support Sporcle.
Go Orange.
Score 0/16 Timer 03:00
5 Plays Today
Question Answer Wrong Answers
Which one of these films stars Tom Hanks? Forrest Gump
98.3%
The Big Lebowski
0.3%
The Hours
0.1%
The Act of Killing
0.2%
Which one of these films stars Tom Hanks? Saving Private Ryan
97.4%
Boogie Nights
0.5%
Dancer in the Dark
0.7%
Back to the Future
0.2%
Which one of these films stars Tom Hanks? Cast Away
97.4%
Being John Malkovich
0.7%
Gosford Park
0.3%
Aliens
0.4%
Which one of these films stars Tom Hanks? The Green Mile
95.8%
Barton Fink
1%
Walk the Line
1%
The Outsiders
1.1%
Which one of these films stars Tom Hanks? Big
95.4%
Crumb
0.8%
Almost Famous
1.4%
Before Midnight
1.3%
Which one of these films stars Tom Hanks? Apollo 13
94.7%
Groundhog Day
2.7%
Pride and Prejudice
0.6%
Frances Ha
0.8%
Which one of these films stars Tom Hanks? You've Got Mail
93.9%
Miller's Crossing
2.7%
Hotel Rwanda
1.3%
Blade Runner
0.8%
Which one of these films stars Tom Hanks? Philadelphia
92.3%
Schindler's List
2.9%
Cinderella Man
1.8%
Boyhood
1.8%
Which one of these films stars Tom Hanks? Sully
91.6%
Red
2.4%
Adaptation.
3.1%
Dogtooth
1.7%
Which one of these films stars Tom Hanks? Splash
90.1%
Fight Club
1%
Inglourious Basterds
3.3%
The Grand Budapest Hotel
4.5%
Which one of these films stars Tom Hanks? Turner & Hooch
89.6%
The Sweet Hereafter
4.7%
Memento
3.1%
The Social Network
1.4%
Which one of these films stars Tom Hanks? Catch Me If You Can
88.9%
Out of Sight
5.9%
Oldboy
3%
Predator
1%
Which one of these films stars Tom Hanks? A League of Their Own
87.8%
Fargo
3.4%
Babel
3.2%
Under the Skin
4.3%
Which one of these films stars Tom Hanks? Bridge of Spies
84.5%
Dazed and Confused
5.5%
Seabiscuit
6.4%
Taxi Driver
2.4%
Which one of these films stars Tom Hanks? Road to Perdition
82.7%
Rushmore
5.1%
Good Night, and Good Luck
8.5%
Pride and Prejudice
2.4%
Which one of these films stars Tom Hanks? Inferno
78.4%
Unforgiven
9.5%
Little Miss Sunshine
6.9%
The King's Speech
4%

You're not logged in!

Compare scores with friends on all Sporcle quizzes.
OR
Log In

From the Vault

One Shot: US Presidents

by mg10

We are not throwing away our shot.
Remove Ads.
Support Sporcle.
Get the best of Sporcle when you Go Orange. This ad-free experience offers more features, more stats, and more fun while also helping to support Sporcle. Thank you for becoming a member.

Show Comments

Extras

Top Quizzes Today


Score Distribution

Your Account Isn't Verified!

In order to create a playlist on Sporcle, you need to verify the email address you used during registration. Go to your Sporcle Settings to finish the process.

Report this User

Report this user for behavior that violates our Community Guidelines.

Details: